[Event "RUS-ch U20 Girls"]
[Site "Loo"]
[Date "2021.04.23"]
[Round "3"]
[White "Shvedova, Alexandra"]
[Black "Bogdanova, Darya"]
[Result "1-0"]
[WhiteElo "2000"]
[BlackElo "1762"]
[PlyCount "95"]
[EventDate "2021.04.21"]
[EventType "swiss"]
[EventRounds "9"]
[EventCountry "RUS"]
[SourceTitle "CBM 202 Extra"]
[Source "ChessBase"]
[SourceDate "2021.07.31"]
[SourceVersion "1"]
[SourceVersionDate "2021.07.31"]
[SourceQuality "1"]

1. e4 e5 2. Nf3 Nc6 3. Bc4 Bc5 4. 0-0 Nf6 5. d3 0-0 6. c3 d6 7. a4 a6 8. Nbd2 Be6 9. h3 Re8 10. Re1 Qd7 11. b4 Bb6 12. Bb2 Rad8 13. Qb3 d5 14. exd5 Bxd5 15. Rad1 Qf5 16. Ne4 Nxe4 17. dxe4 Bxe4 18. Bxf7+ Qxf7 19. Qxf7+ Kxf7 20. Ng5+ Kg8 21. Nxe4 h6 22. Kf1 Kf7 23. Nd2 e4 24. Nc4 Ba7 25. b5 axb5 26. axb5 Rxd1 27. Rxd1 Ne5 28. Nxe5+ Rxe5 29. c4 Rf5 30. Bd4 Bb8 31. Re1 c5 32. g4 Rg5 33. Be3 Re5 34. Bf4 Re8 35. Bxb8 Rxb8 36. Rxe4 Ra8 37. Ke2 Ra1 38. h4 Rc1 39. Ke3 b6 40. Kf4 Rh1 41. Ke5 Rxh4 42. Kd6 h5 43. Kc6 hxg4 44. Kxb6 g5 45. Re1 g3 46. fxg3 Rxc4 47. Re5 Rg4 48. Kc7 1-0

[Event "St Petersburg-ch (Women)"]
[Site "St Petersburg"]
[Date "2019.03.18"]
[Round "8"]
[White "Bogdanova, Darya"]
[Black "Karmanova, Olga Dm"]
[Result "0-1"]
[WhiteElo "1707"]
[BlackElo "1823"]
[PlyCount "72"]
[EventDate "2019.03.11"]
[EventType "swiss"]
[EventRounds "9"]
[EventCountry "RUS"]
[SourceTitle "CBM 189 Extra"]
[Source "ChessBase"]
[SourceDate "2019.05.31"]
[SourceVersion "1"]
[SourceVersionDate "2019.05.31"]
[SourceQuality "1"]

1. d4 f5 2. Bg5 g6 3. c4 Bg7 4. Nf3 Nf6 5. g3 0-0 6. Bg2 d6 7. 0-0 c6 8. Nc3 Na6 9. Rb1 Nh5 10. b4 h6 11. Bc1 Qe8 12. a4 e5 13. b5 Nc7 14. dxe5 dxe5 15. Ba3 Rf7 16. Qb3 g5 17. Rbd1 f4 18. Rd6 Bf5 19. e4 Bh7 20. Rfd1 Ne6 21. c5 Nd4 22. Nxd4 exd4 23. Ne2 Bxe4 24. Re6 Bxg2 25. Rxe8+ Rxe8 26. Nxd4 Bd5 27. Qd3 Rfe7 28. Bb4 Re4 29. Nc2 Bc4 30. Qd7 Bb3 31. Rc1 Nf6 32. Qd2 Nd5 33. bxc6 bxc6 34. Ba5 Re2 35. Qd3 Bxa4 36. Kf1 Bb5 0-1